| 000 | 01585nam a2200397Ia 4500 | ||
|---|---|---|---|
| 001 | ebr10369589 | ||
| 003 | CaPaEBR | ||
| 006 | m u | ||
| 007 | cr cn||||||||| | ||
| 008 | 010118s2000 enkab sb 001 0 eng d | ||
| 010 | _z 2001411883 | ||
| 020 | _z9780853239154 | ||
| 020 | _z0853239150 | ||
| 040 |
_aCaPaEBR _cCaPaEBR |
||
| 035 | _a(OCoLC)648273814 | ||
| 050 | 1 | 4 |
_aDF101 _b.E65 2000eb |
| 245 | 0 | 4 |
_aThe epigraphy of death _h[electronic resource] : _bstudies in the history and society of Greece and Rome / _cedited by G.J. Oliver. |
| 260 |
_aLiverpool : _bLiverpool University Press, _c2000. |
||
| 300 |
_axiv, 225 p. : _bill., maps. |
||
| 504 | _aIncludes bibliographical references and indexes. | ||
| 533 |
_aElectronic reproduction. _bPalo Alto, Calif. : _cebrary, _d2010. _nAvailable via World Wide Web. _nAccess may be limited to ebrary affiliated libraries. |
||
| 650 | 0 |
_aFuneral rites and ceremonies _zGreece _xHistory. |
|
| 650 | 0 |
_aFuneral rites and ceremonies _zRome _xHistory. |
|
| 650 | 0 |
_aTombs _zGreece. |
|
| 650 | 0 |
_aTombs _zRome. |
|
| 650 | 0 |
_aDeath _xSocial aspects _zGreece. |
|
| 650 | 0 |
_aDeath _xSocial aspects _zRome. |
|
| 651 | 0 |
_aGreece _xSocial life and customs. |
|
| 651 | 0 |
_aRome _xSocial life and customs. |
|
| 651 | 0 |
_aGreece _xAntiquities. |
|
| 651 | 0 |
_aRome _xAntiquities. |
|
| 655 | 7 |
_aElectronic books. _2local |
|
| 700 | 1 |
_aOliver, G. J. _q(Graham John), _d1966- |
|
| 710 | 2 | _aebrary, Inc. | |
| 856 | 4 | 0 |
_uhttp://site.ebrary.com/lib/rucke/Doc?id=10369589 _zAn electronic book accessible through the World Wide Web; click to view |
| 999 |
_c213865 _d213865 |
||